Detalles MARC
| 000 -LIDER |
| fixed length control field |
00852cam a2200349 4500 |
| 001 - NÚMERO DE CONTROL |
| Identificador de número de control |
4385994 |
| 003 - IDENTIFICACDOR DE NÚMERO DE CONTROL |
| control field |
DO-SdBNP |
| 005 - DATE AND TIME OF LATEST TRANSACTION |
| control field |
20230522131501.0 |
| 007 - CAMPOS FIJOS DE DESCRIPCIÓN FÍSICA |
| fixed length control field |
4385994 |
| 008 - ELEMENTOS DE LONGITUD FIJA |
| fixed length control field |
081124s2007 sp a 000 f spa |
| 015 ## - NÚMERO DENTRO DE LA BIBLIOGRAFÍA NACIONAL |
| National bibliography number |
|
| 017 ## - NÚMERO DE REGISTRO DE DERECHOS DE AUTOR |
| Copyright or legal deposit number |
|
| Assigning agency |
|
| 020 ## - ISBN |
| International Standard Book Number |
9788498156867 |
| 035 ## - NÚMERO LOCAL |
| System control number |
|
| 040 ## - FUENTE DE CATALOGACIÓN |
| Agencia que crea de manera original el registro |
BPMSU |
| Idioma de catalogación |
spa |
| Agencia que realiza la transcripción |
BPMSU |
| Convenciones de la despripción |
|
| 080 ## - NÚMERO DE CLASIFICACIÓN DECIMAL UNIVERSAL |
| Universal Decimal Classification number |
|
| 080 ## - NÚMERO DE CLASIFICACIÓN DECIMAL UNIVERSAL |
| Universal Decimal Classification number |
|
| 080 ## - NÚMERO DE CLASIFICACIÓN DECIMAL UNIVERSAL |
| Universal Decimal Classification number |
|
| 082 #4 - NÚMERO DE CLASIFICACIÓN DECIMAL DE DEWEY |
| Classification number |
863.3 |
| Item number |
C419g 2007 |
| Edition number |
22 |
| 100 1# - ASIENTO PRINCIPAL -- NOMBRE PERSONAL |
| Nombre personal |
Cervantes Saavedra, Miguel de |
| Fechas asociadas con el nombre |
1547-1616 |
| 9 (RLIN) |
35 |
| 245 13 - MENCIÓN DE TITULO |
| Título |
La gitanilla / |
| Mención de responsabilidad |
Miguel de Cervantes Saavedra |
| Medio (Designación general de material) |
|
| 260 ## - PUBLICACIÓN, DISTRIBUCIÓN, ETC. (PIE DE IMPRENTA) |
| Lugar de publicación, distribución, etc |
Madrid : |
| Nombre del editor, distribuidor, etc. |
El país, |
| Fecha de publicación, distribución, etc |
2007 |
| 300 ## - DESCRIPCIÓN FÍSICA |
| Extensión |
90 p. : |
| Dimensiones |
22 cm. |
| Otros detalles físicos |
|
| 490 0# - MENCIÓN DE SERIES |
| Mención de serie |
Relatos breves |
| 590 ## - NOTA LOCAL |
| Enlace |
Inventariado, 2023 |
| 600 17 - ENCABEZAMIENTO DE MATERIA--NOMBRE PERSONAL |
| Nombre personal |
|
| Fechas asociadas con el nombre |
|
| Fuente del encabezado o término |
|
| 600 17 - ENCABEZAMIENTO DE MATERIA--NOMBRE PERSONAL |
| Nombre personal |
|
| Fuente del encabezado o término |
|
| 650 #4 - ENCABEZAMIENTO DE MATERIA--TEMÁTICO |
| Término temático o nombre geográfico como elemento de entrada |
Novela española. |
| 901 ## - LOCAL DATA ELEMENT A, LDA (RLIN) |
| a |
|
| 910 ## - VALIDACIÓN |
| Validación |
VMateo V. Control de calidad (BPMSU) |
| 942 ## - ADDED ENTRY ELEMENTS (KOHA) |
| Source of classification or shelving scheme |
Dewey Decimal Classification |
| Koha item type |
Libros |